| 000 | 01319cam a2200373 4500 | ||
|---|---|---|---|
| 999 |
_c23396 _d23396 |
||
| 001 | vtls012129455 | ||
| 005 | 20221006124553.0 | ||
| 008 | 220331s2022 xo g 000 f slo | ||
| 020 |
_a9788055650234 _q(viazané) |
||
| 040 |
_aZKSE _bslo _cZKSE _dSNK _erda |
||
| 041 | 1 |
_aslo _hswe |
|
| 044 |
_axo _cSK |
||
| 072 | 7 |
_a821.11 _xGermánske literatúry _2konspekt |
|
| 080 |
_a821.113.6-31 _22011 |
||
| 080 |
_a(0:82-312.4) _22011 |
||
| 100 | 1 |
_aLäckberg, Camilla, _d1974- _4aut _92013 |
|
| 240 | 1 | 0 |
_aBox _lSlovensky |
| 245 | 1 | 0 |
_aDebna _cCamilla Läckberg, Henrik Fexeus ; zo švédčiny preložila Mária Bratová |
| 264 | 1 |
_aBratislava _bSlovart _c2022 |
|
| 300 |
_a510 strán _c23 cm |
||
| 336 |
_atext _btxt _2rdacontent |
||
| 337 |
_abez média _bn _2rdamedia |
||
| 338 |
_azväzok _bnc _2rdacarrier |
||
| 500 | _aNa prebale publkácie je uvedené: Prvý diel mrazivej trilógie kráľovnej švedskej krimi a slávneho mentalistu | ||
| 500 | _aNázov trilógie z externého zdroja | ||
| 655 | 7 |
_ašvédske romány _2SNKPH _91715 |
|
| 655 | 7 |
_adetektívne romány _2SNKPH _91710 |
|
| 655 | 7 |
_aSwedish fiction _2SNKPHeng _91716 |
|
| 655 | 7 |
_aDetective novels _2SNKPHeng _91711 |
|
| 700 | 1 |
_aFexeus, Henrik, _d1971- _4aut _93619 |
|
| 700 | 1 |
_aBratová, Mária, _d1958- _4trl _92014 |
|
| 958 | _aLX | ||
| 958 | _aUP | ||